00373nam a2200133Ia 4500003000400000008004100004040001600045082001600061100001800077245005900095260005400154650001600208650001500224GCL140319s9999 xx 000 0 eng d aGCL / cGCL04a759.06bC A1 aCASSOCE, JEAN10aL'ART MODERNE SUISSE DU HODER A'KLEE / cCASSOCE, JEAN a[S.N] : bMUSEE NATIONAL DE L'ART ARABE ، c196004aART, MODERN04aART, SWISS